The Change Game Quiz Stats

 Plays Quiz Updated Oct 11, 2018

Score 0/28 Timer 07:00
1 Play Today
Hint Term % Correct
In American football, he directs the offense of the teamQuarterback
96%
Canadian rock band that sings 'How You Remind Me'Nickelback
69.5%
1967 Beatles songPenny Lane
64.8%
Oldest & most famous neighborhood in New OrleansFrench Quarter
61.8%
A low, leather laceless shoePenny Loafer
58.5%
A U.S. cable TV network whose demographic is primarily children and pre-adolescentsNickelodeon
57%
When only eight remain in the round of a single-elimination tournamentQuarterfinals
53.8%
Charity that tries to improve the health of babies by preventing birth defects and infant mortalityMarch of Dimes
52.7%
To change direction very quicklyTurn on a dime
45.6%
A variety store that sells inexpensive itemsFive and Dime
44.6%
Breed of stallion that excels at sprinting short distancesQuarter Horse
41.5%
Secretary to James Bond's boss 'M'Miss Moneypenny
37.7%
NBA small forward who played for the Heat, Magic, and SunsAnfernee Deon 'Penny' Hardaway
35.5%
A football formation designed to stop the passNickel Defense
35.4%
Hint Term % Correct
Was once a penalty for high treasonDrawn and Quartered
32.8%
A supply of capital that trades for less than $5 a sharePenny Stock
30.6%
A type of venue for coin-operated devicesPenny Arcade
30.2%
Involving or offering only a small amount of moneyNickel & Dime
29.2%
So plentiful as to be valuelessDime a Dozen
28.6%
Petty officer who attends to a ship's helm, binnacle, and signalsQuartermaster
27.3%
Type of rechargeable battery (NiCd)Nickel-Cadmium
27.1%
Evil clown from Stephen King's 'It'Pennywise the clown
25.6%
Auto-catalytic reaction used to deposit a coating on a substrateElectroless nickel plating
23.3%
A drug that relieves symptoms of the common coldDimetapp
16.2%
19th century term for western or paperback melodramatic booksDime Novel
15.6%
When an informant snitches on someoneDrop a Dime
15.2%
A small, cramped place or positionClose Quarters
9.8%
American acoustic, bluegrass trioNickel Creek
6.7%

You're not logged in!

Compare scores with friends on all Sporcle quizzes.
OR
Log In

Sporcle TV

Today on Sporcle TV


Watch our educational content, quiz creation guides, and fun videos on Sporcle TV.

Show Comments

Extras

Top Quizzes Today


Score Distribution

Your Account Isn't Verified!

In order to create a playlist on Sporcle, you need to verify the email address you used during registration. Go to your Sporcle Settings to finish the process.

Report this User

Report this user for behavior that violates our Community Guidelines.

Details: